[Event "GRE-chT 48th"]
[Site "Athens"]
[Date "2021.09.11"]
[Round "6.7"]
[White "Bardis, Harilaos Panagiotis"]
[Black "Kontis, Michail"]
[Result "1-0"]
[WhiteElo "1849"]
[BlackElo "1853"]
[PlyCount "79"]
[EventDate "2021.09.07"]
[EventType "team-swiss"]
[EventRounds "7"]
[EventCountry "GRE"]
[SourceTitle "CBM 204 Extra"]
[Source "ChessBase"]
[SourceDate "2021.11.30"]
[SourceVersion "1"]
[SourceVersionDate "2021.11.30"]
[SourceQuality "1"]
[WhiteTeam "Panellinios GS"]
[BlackTeam "Ykaryas"]
[WhiteTeamCountry "GRE"]
[BlackTeamCountry "GRE"]

1. d4 g6 2. e4 Bg7 3. Nf3 c5 4. dxc5 Qa5+ 5. c3 Qxc5 6. Be3 Qc7 7. Bd3 d6 8. h3 Nf6 9. 0-0 0-0 10. Na3 Nc6 11. Nb5 Qd8 12. Re1 a6 13. Nbd4 e5 14. Nxc6 bxc6 15. Qa4 Qc7 16. c4 Rb8 17. b3 Nh5 18. Rad1 f5 19. Bd2 Bd7 20. Ba5 Qc8 21. Bb1 d5 22. exf5 e4 23. Nh2 gxf5 24. cxd5 cxd5 25. Qa3 d4 26. Qd6 Qc6 27. Bb4 Rfe8 28. g4 fxg4 29. Bxe4 Qxd6 30. Bxd6 Rb6 31. Bc5 Rb5 32. Bxd4 Rg5 33. h4 Bxd4 34. hxg5 Bxf2+ 35. Kxf2 g3+ 36. Kg2 Rxe4 37. Rxe4 Bc6 38. Rde1 Bxe4+ 39. Rxe4 gxh2 40. Kxh2 1-0

[Event "GRE-chT 48th"]
[Site "Athens"]
[Date "2021.09.10"]
[Round "5.7"]
[White "Kontis, Michail"]
[Black "Pagkalis, Michail"]
[Result "1-0"]
[WhiteElo "1853"]
[BlackElo "1280"]
[PlyCount "47"]
[EventDate "2021.09.07"]
[EventType "team-swiss"]
[EventRounds "7"]
[EventCountry "GRE"]
[SourceTitle "CBM 204 Extra"]
[Source "ChessBase"]
[SourceDate "2021.11.30"]
[SourceVersion "1"]
[SourceVersionDate "2021.11.30"]
[SourceQuality "1"]
[WhiteTeam "Ykaryas"]
[BlackTeam "Papagou"]
[WhiteTeamCountry "GRE"]
[BlackTeamCountry "GRE"]

1. e4 c5 2. Nf3 d6 3. Bb5+ Bd7 4. c4 Nf6 5. Nc3 a6 6. Bxd7+ Nbxd7 7. d4 cxd4 8. Nxd4 e5 9. Nf5 Nc5 10. Bg5 g6 11. Nd5 Ncxe4 12. Qa4+ Qd7 13. Nc7+ Kd8 14. Qxd7+ Kxd7 15. Bxf6 Kxc7 16. Bxh8 gxf5 17. f3 Nc5 18. Bf6 Nd3+ 19. Ke2 Nxb2 20. c5 Na4 21. cxd6+ Kxd6 22. Rac1 Bh6 23. Rc4 b5 24. Rd1+ 1-0

[Event "GRE-chT 45th"]
[Site "Achaia"]
[Date "2017.07.04"]
[Round "2.5"]
[White "Goutis, Panagiotis"]
[Black "Kontis, Michail"]
[Result "1/2-1/2"]
[WhiteElo "1605"]
[BlackElo "1922"]
[PlyCount "120"]
[EventDate "2017.07.03"]
[EventType "team-swiss"]
[EventRounds "7"]
[EventCountry "GRE"]
[SourceTitle "CBM 179 Extra"]
[Source "ChessBase"]
[SourceDate "2017.08.23"]
[SourceVersion "1"]
[SourceVersionDate "2017.08.23"]
[SourceQuality "1"]
[WhiteTeam "Three Stars 89"]
[BlackTeam "Panionios GA"]
[WhiteTeamCountry "GRE"]
[BlackTeamCountry "GRE"]

1. d4 Nf6 2. c4 e6 3. Nc3 Bb4 4. e3 0-0 5. Nge2 d5 6. a3 Be7 7. cxd5 exd5 8. Nf4 c6 9. Bd3 Nbd7 10. 0-0 Re8 11. f3 Nf8 12. Bc2 Ng6 13. e4 Nxf4 14. Bxf4 g6 15. Kh1 b5 16. Rc1 a5 17. Bb3 Ba6 18. Re1 Nh5 19. Nxd5 cxd5 20. Bc7 Qd7 21. Bxd5 Bg5 22. Rc5 Be7 23. Rc1 Bg5 24. Rc5 Be7 25. Rc1 Bg5 26. Rc5 Rac8 27. Bc6 Qe7 28. Bxe8 Rxc7 29. Re5 Qd8 30. Bxb5 Bxb5 31. Rxb5 Bf4 32. g3 Nxg3+ 33. hxg3 Bxg3 34. Re2 Bf4 35. Rc2 Qh4+ 36. Kg1 Rxc2 37. Qxc2 Qe1+ 38. Kg2 Qg3+ 39. Kf1 Qxf3+ 40. Qf2 Qd3+ 41. Qe2 Qxd4 42. Rxa5 h5 43. Ra6 h4 44. Kg2 Qd7 45. Rf6 h3+ 46. Kh1 Qc7 47. Qf1 Be5 48. Rf2 Qd7 49. Rf3 h2 50. Rf2 g5 51. Rxh2 Bxh2 52. Kxh2 Qd6+ 53. Kg2 Qe5 54. Qe2 Kg7 55. a4 f5 56. a5 Qxa5 57. exf5 Qxf5 58. Qf3 Qe5 59. Qc3 Kf6 60. Qxe5+ Kxe5 1/2-1/2

[Event "GRE-ch U16"]
[Site "Achaia"]
[Date "2017.06.27"]
[Round "3"]
[White "Kollias, Ioannis K"]
[Black "Kontis, Michail"]
[Result "1-0"]
[WhiteElo "1599"]
[BlackElo "1922"]
[PlyCount "111"]
[EventDate "2017.06.26"]
[EventType "swiss"]
[EventRounds "9"]
[EventCountry "GRE"]
[SourceTitle "CBM 179 Extra"]
[Source "ChessBase"]
[SourceDate "2017.08.23"]
[SourceVersion "1"]
[SourceVersionDate "2017.08.23"]
[SourceQuality "1"]

1. d4 Nf6 2. Bg5 d5 3. Bxf6 gxf6 4. g3 c5 5. dxc5 e5 6. Nc3 Be6 7. Bg2 e4 8. e3 Bxc5 9. Nge2 Nc6 10. Qd2 Ne5 11. Rd1 Nc4 12. Qc1 Qa5 13. 0-0 Rd8 14. a3 Qc7 15. Nd4 h5 16. Nxe6 fxe6 17. h4 Rg8 18. Rfe1 Rd7 19. Ne2 Qb6 20. b3 Nxe3 21. b4 Nxd1 22. bxc5 Qxc5 23. Qxd1 e5 24. Nc1 Kd8 25. Kf1 Qxa3 26. Qxh5 Qa6+ 27. Qe2 Qxe2+ 28. Nxe2 f5 29. Bh3 Rf8 30. c3 d4 31. cxd4 exd4 32. Nf4 Rd6 33. h5 Rh6 34. f3 e3 35. Rd1 Rd6 36. Rxd4 Rxd4 37. Ne6+ Ke7 38. Nxd4 Kd6 39. Nxf5+ Ke5 40. Ke2 Rh8 41. Bg4 b5 42. Kxe3 Kd5 43. Kd3 a5 44. Kc3 Kc5 45. Ng7 b4+ 46. Kb3 Ra8 47. Ka4 Kc4 48. Be6+ Kd4 49. g4 Ke5 50. g5 Rh8 51. Ba2 Rf8 52. h6 Rxf3 53. Nh5 Rh3 54. g6 b3 55. Bxb3 Rh4+ 56. Ka3 1-0

[Event "GRE-ch U16"]
[Site "Achaia"]
[Date "2017.06.26"]
[Round "1"]
[White "Michalis, Christos Panagiotis"]
[Black "Kontis, Michail"]
[Result "0-1"]
[WhiteElo "1368"]
[BlackElo "1922"]
[PlyCount "120"]
[EventDate "2017.06.26"]
[EventType "swiss"]
[EventRounds "9"]
[EventCountry "GRE"]
[SourceTitle "CBM 179 Extra"]
[Source "ChessBase"]
[SourceDate "2017.08.23"]
[SourceVersion "1"]
[SourceVersionDate "2017.08.23"]
[SourceQuality "1"]

1. e4 c5 2. Nf3 d6 3. d4 cxd4 4. Nxd4 Nf6 5. Nc3 g6 6. Be3 Bg7 7. f3 0-0 8. Qd2 Nc6 9. 0-0-0 d5 10. Nxc6 bxc6 11. exd5 cxd5 12. Nxd5 Nxd5 13. Qxd5 Qc7 14. Qc5 Qb7 15. Bd4 Bf5 16. Bxg7 Rfc8 17. Qxc8+ Rxc8 18. Bc3 Be6 19. a3 Qb6 20. Bd3 Qe3+ 21. Kb1 Qb6 22. Kc1 Qf2 23. Rd2 Qe3 24. h4 f6 25. Kd1 Qb6 26. Re1 Kf8 27. Rde2 Bc4 28. Bxc4 Rxc4 29. Rxe7 Qd6+ 30. Kc1 Qxe7 31. Rxe7 Kxe7 32. g3 g5 33. h5 Ke6 34. Kd2 Rc5 35. Bd4 Rc7 36. Kd3 f5 37. c4 Rb7 38. b4 Rd7 39. Ke3 f4+ 40. gxf4 Kf5 41. fxg5 Kxg5 42. c5 Kxh5 43. c6 Rc7 44. b5 Re7+ 45. Kd3 Kg6 46. Bc5 Rf7 47. Kd4 h5 48. Bd6 Rg7 49. c7 Rg8 50. Kd5 Kf7 51. Kc6 Ke6 52. Kb7 Kxd6 53. c8Q Rxc8 54. Kxc8 Kc5 55. f4 h4 56. f5 h3 57. f6 Kd6 58. Kb7 h2 59. Kxa7 h1Q 60. b6 Qh7+ 0-1

[Event "Heraklion op 19th"]
[Site "Heraklion"]
[Date "2017.01.07"]
[Round "7"]
[White "Kontis, Michail"]
[Black "Koumis, Filippos"]
[Result "1-0"]
[WhiteElo "1888"]
[BlackElo "1648"]
[PlyCount "67"]
[EventDate "2017.01.02"]
[EventType "swiss"]
[EventRounds "9"]
[EventCountry "GRE"]
[SourceTitle "CBM 176 Extra"]
[Source "ChessBase"]
[SourceDate "2017.03.02"]
[SourceVersion "1"]
[SourceVersionDate "2017.03.02"]
[SourceQuality "1"]

1. e4 c6 2. d4 d5 3. Nc3 dxe4 4. Nxe4 Bf5 5. Ng3 Bg6 6. h4 h6 7. N1e2 Nf6 8. Nf4 Bh7 9. Bc4 e6 10. c3 Bd6 11. 0-0 Bxf4 12. Bxf4 0-0 13. Re1 b5 14. Bb3 Nbd7 15. Qf3 Nd5 16. a4 a6 17. Bd6 Re8 18. axb5 axb5 19. Rxa8 Qxa8 20. Nh5 N7f6 21. Be5 Nxh5 22. Qxh5 Qa7 23. Qg4 f5 24. Qf3 Kh8 25. Bd6 Qd7 26. Be5 Ra8 27. Qg3 Ra7 28. Bd6 Ra8 29. Bd1 Ra2 30. Ba3 Ra1 31. Qf3 f4 32. Qe2 f3 33. Qxf3 Kg8 34. Qf8# 1-0

[Event "Heraklion op 19th"]
[Site "Heraklion"]
[Date "2017.01.06"]
[Round "6"]
[White "Anagnostopoulos, Konstantinos"]
[Black "Kontis, Michail"]
[Result "1-0"]
[WhiteElo "2222"]
[BlackElo "1888"]
[PlyCount "143"]
[EventDate "2017.01.02"]
[EventType "swiss"]
[EventRounds "9"]
[EventCountry "GRE"]
[SourceTitle "CBM 176 Extra"]
[Source "ChessBase"]
[SourceDate "2017.03.02"]
[SourceVersion "1"]
[SourceVersionDate "2017.03.02"]
[SourceQuality "1"]

1. d4 Nf6 2. Nf3 e6 3. Bf4 c5 4. e3 Be7 5. Nbd2 0-0 6. Bd3 Nc6 7. 0-0 b6 8. h3 Bb7 9. c4 d6 10. Bg3 Rc8 11. a3 cxd4 12. exd4 d5 13. b4 dxc4 14. Nxc4 Kh8 15. Be5 Nxe5 16. dxe5 Nd5 17. Re1 Nc3 18. Qc2 Nd5 19. Qb3 Nf4 20. Be4 Bd5 21. Bxd5 Qxd5 22. Ncd2 Rfd8 23. Re4 Ng6 24. Qxd5 Rxd5 25. Nc4 h6 26. h4 Rd3 27. Ne3 Nf8 28. Kf1 Rdc3 29. Ke2 Kg8 30. g3 Rb3 31. Rc4 Rc3 32. Rxc3 Rxc3 33. Nd4 a5 34. Nec2 f6 35. Kd2 Rc8 36. Re1 axb4 37. axb4 fxe5 38. Rxe5 Bf6 39. Rb5 Bd8 40. Re5 Bf6 41. Re3 Rd8 42. Rd3 h5 43. Nf3 Rxd3+ 44. Kxd3 Kf7 45. Kc4 Nd7 46. Kb5 e5 47. Kc6 Ke7 48. Ne3 Ke6 49. Ng5+ Bxg5 50. hxg5 e4 51. Kc7 Ne5 52. b5 Nd3 53. Nd1 Kd5 54. Kxb6 Kd4 55. Kc6 Nxf2 56. b6 Nxd1 57. b7 e3 58. b8Q e2 59. Qb4+ Kd3 60. g6 Nc3 61. Qe7 Ne4 62. Qa3+ Nc3 63. Qa1 Kd2 64. Qb2+ Kd1 65. Qxc3 e1Q 66. Qxg7 Qxg3 67. Qd4+ Ke2 68. g7 Qg6+ 69. Kd7 Qf7+ 70. Kd6 Qg8 71. Qe5+ Kf2 72. Qf6+ 1-0

[Event "Heraklion op 19th"]
[Site "Heraklion"]
[Date "2017.01.04"]
[Round "4"]
[White "Lirindzakis, Timotheos"]
[Black "Kontis, Michail"]
[Result "1/2-1/2"]
[WhiteElo "2191"]
[BlackElo "1888"]
[PlyCount "37"]
[EventDate "2017.01.02"]
[EventType "swiss"]
[EventRounds "9"]
[EventCountry "GRE"]
[SourceTitle "CBM 176 Extra"]
[Source "ChessBase"]
[SourceDate "2017.03.02"]
[SourceVersion "1"]
[SourceVersionDate "2017.03.02"]
[SourceQuality "1"]

1. d4 Nf6 2. c4 e6 3. Nf3 b6 4. g3 Ba6 5. Qa4 Bb7 6. Bg2 c5 7. dxc5 bxc5 8. 0-0 Be7 9. Nc3 0-0 10. Rd1 Qb6 11. Qb5 Qc7 12. Bf4 d6 13. Qb3 a6 14. Rd2 Nc6 15. Qd1 Rfd8 16. Ng5 Ne5 17. b3 Bxg2 18. Kxg2 Ng6 19. Nh3 1/2-1/2

[Event "Heraklion op 18th"]
[Site "Heraklion"]
[Date "2016.09.05"]
[Round "4"]
[White "Kontis, Michail"]
[Black "Rojano Alfonso, Carlos"]
[Result "1-0"]
[WhiteElo "1772"]
[BlackElo "2180"]
[PlyCount "73"]
[EventDate "2016.09.03"]
[EventType "swiss"]
[EventRounds "9"]
[EventCountry "GRE"]
[SourceTitle "CBM 174 Extra"]
[Source "ChessBase"]
[SourceDate "2016.10.10"]
[SourceVersion "1"]
[SourceVersionDate "2016.10.10"]
[SourceQuality "1"]

1. e4 e5 2. Nf3 Nf6 3. d4 Nxe4 4. Bd3 d5 5. Nxe5 Bd6 6. 0-0 Qe7 7. c4 c5 8. cxd5 cxd4 9. Nc4 f5 10. Nxd6+ Qxd6 11. Bxe4 fxe4 12. Qxd4 0-0 13. Nc3 Nc6 14. Qxe4 Bf5 15. Qf4 Ne5 16. Qg3 Qf6 17. Bg5 Qg6 18. Qxe5 Qxg5 19. d6 Rae8 20. Qd5+ Kh8 21. Rfe1 Rd8 22. Rad1 Qg6 23. Qxb7 Bg4 24. Qe4 Bxd1 25. Qxg6 hxg6 26. Rxd1 Rf4 27. f3 Rc4 28. Ne4 Rc2 29. b4 Rc6 30. b5 Rb6 31. a4 Kg8 32. Rc1 a6 33. Rc6 Rb7 34. Rxa6 Kf7 35. Rc6 Ra7 36. Rc7+ Rd7 37. b6 1-0

[Event "GRE-chT 44th"]
[Site "Achaia"]
[Date "2016.07.10"]
[Round "7.3"]
[White "Apostolakakis, Konstantinos"]
[Black "Kontis, Michail"]
[Result "1/2-1/2"]
[WhiteElo "2033"]
[BlackElo "1807"]
[PlyCount "111"]
[EventDate "2016.07.05"]
[EventType "team-swiss"]
[EventRounds "7"]
[EventCountry "GRE"]
[SourceTitle "CBM 173 Extra"]
[Source "ChessBase"]
[SourceDate "2016.08.29"]
[SourceVersion "1"]
[SourceVersionDate "2016.08.29"]
[SourceQuality "1"]
[WhiteTeam "Kavalas SO"]
[BlackTeam "Panionios GS"]
[WhiteTeamCountry "GRE"]
[BlackTeamCountry "GRE"]

1. e4 g6 2. d4 Bg7 3. Nf3 d6 4. Bd3 a6 5. c3 Nc6 6. Bg5 h6 7. Bh4 Nb8 8. a4 Nd7 9. Nbd2 c5 10. Nc4 Qc7 11. 0-0 Nb6 12. Qb3 Nxc4 13. Bxc4 e6 14. dxc5 Qxc5 15. Rad1 Nf6 16. Rfe1 0-0 17. e5 dxe5 18. Nxe5 Nh5 19. Nd3 Qc7 20. Qb4 g5 21. Bg3 Nxg3 22. hxg3 b6 23. a5 bxa5 24. Qc5 Qb8 25. Qxa5 Bb7 26. Qb6 Qc8 27. Nc5 Bd5 28. Bxd5 exd5 29. Rxd5 Rb8 30. Qxa6 Rxb2 31. Qd3 Qc6 32. c4 Qf6 33. Ne4 Qc6 34. Rd6 Qb7 35. Nf6+ Bxf6 36. Rxf6 Qb4 37. Rd1 Qc5 38. Rf5 Qc6 39. Qc3 Re2 40. Rf6 Re6 41. Rf5 Rc8 42. c5 Qa4 43. Rfd5 Qe8 44. Rd6 Qe7 45. Rd7 Qf6 46. Qc4 Rec6 47. R1d5 Qe6 48. Qd4 Qf6 49. Qc4 Qe6 50. Qd4 Qf6 51. Qb4 Qa1+ 52. Kh2 Re6 53. Qb7 Rf8 54. Rd1 Qc3 55. Rc7 Qc2 56. Rdd7 1/2-1/2

[Event "GRE-chT 44th"]
[Site "Achaia"]
[Date "2016.07.08"]
[Round "5.2"]
[White "Kontis, Michail"]
[Black "Alexakis, Dimitris"]
[Result "0-1"]
[WhiteElo "1807"]
[BlackElo "1974"]
[PlyCount "58"]
[EventDate "2016.07.05"]
[EventType "team-swiss"]
[EventRounds "7"]
[EventCountry "GRE"]
[SourceTitle "CBM 173 Extra"]
[Source "ChessBase"]
[SourceDate "2016.08.29"]
[SourceVersion "1"]
[SourceVersionDate "2016.08.29"]
[SourceQuality "1"]
[WhiteTeam "Panionios GS"]
[BlackTeam "Peiraikos PG"]
[WhiteTeamCountry "GRE"]
[BlackTeamCountry "GRE"]

1. e4 c5 2. Nf3 e6 3. g3 Nc6 4. Qe2 d6 5. Bg2 g6 6. 0-0 Bg7 7. c3 Nge7 8. Rd1 e5 9. Na3 0-0 10. Nc2 f5 11. d4 fxe4 12. Qxe4 Bf5 13. Qe2 exd4 14. cxd4 Bxc2 15. Qxc2 Nxd4 16. Nxd4 Bxd4 17. Be3 Bxe3 18. Qb3+ Kg7 19. Qxe3 Nf5 20. Qb3 Rb8 21. Qc3+ Qf6 22. Qxf6+ Kxf6 23. Rd3 Nd4 24. Re1 b6 25. b4 Rfe8 26. Kf1 Rxe1+ 27. Kxe1 Nc2+ 28. Kd2 Nxb4 29. Rxd6+ Ke5 0-1

[Event "GRE-ch U16"]
[Site "Porto Rio"]
[Date "2016.07.01"]
[Round "6"]
[White "Beliotis, Georgios"]
[Black "Kontis, Michail"]
[Result "1/2-1/2"]
[WhiteElo "1874"]
[BlackElo "1807"]
[PlyCount "55"]
[EventDate "2016.06.28"]
[EventType "swiss"]
[EventRounds "9"]
[EventCountry "GRE"]
[SourceTitle "CBM 173 Extra"]
[Source "ChessBase"]
[SourceDate "2016.08.29"]
[SourceVersion "1"]
[SourceVersionDate "2016.08.29"]
[SourceQuality "1"]

1. c4 g6 2. Nf3 Bg7 3. e4 c5 4. d4 cxd4 5. Nxd4 Nc6 6. Be3 Nf6 7. Nc3 0-0 8. Be2 d6 9. 0-0 Bd7 10. Qd2 Nxd4 11. Bxd4 Bc6 12. f3 a5 13. b3 Nd7 14. Be3 Nc5 15. Rab1 Qb6 16. Rfc1 Rfc8 17. Rc2 h5 18. Qc1 Qd8 19. Nd5 Bxd5 20. cxd5 Nd7 21. Bb5 Rxc2 22. Qxc2 Rc8 23. Qd2 Nc5 24. Rc1 Kh7 25. Rc2 Qb6 26. Qe2 Qd8 27. Qd2 Qb6 28. Qe2 1/2-1/2

[Event "GRE-ch U16"]
[Site "Porto Rio"]
[Date "2016.06.29"]
[Round "3"]
[White "Kontis, Michail"]
[Black "Zgouletas, Stergios"]
[Result "1-0"]
[WhiteElo "1807"]
[BlackElo "1433"]
[PlyCount "77"]
[EventDate "2016.06.28"]
[EventType "swiss"]
[EventRounds "9"]
[EventCountry "GRE"]
[SourceTitle "CBM 173 Extra"]
[Source "ChessBase"]
[SourceDate "2016.08.29"]
[SourceVersion "1"]
[SourceVersionDate "2016.08.29"]
[SourceQuality "1"]

1. e4 e5 2. Nf3 Nc6 3. Bb5 a6 4. Ba4 d6 5. c3 Nf6 6. d3 Be7 7. h3 0-0 8. 0-0 b5 9. Bc2 Bd7 10. Re1 Qc8 11. Nbd2 Ne8 12. Nf1 f5 13. exf5 Bxf5 14. Ng3 Bg6 15. Bb3+ Kh8 16. Bd5 Qd7 17. a4 Nf6 18. Bb3 b4 19. a5 Na7 20. Ng5 c6 21. d4 e4 22. N5xe4 Nxe4 23. Nxe4 Bxe4 24. Rxe4 bxc3 25. bxc3 d5 26. Re1 Nb5 27. Qd3 g6 28. Bh6 Rf7 29. c4 Nc7 30. cxd5 Nxd5 31. Qe4 Bf8 32. Qe5+ Bg7 33. Bxg7+ Rxg7 34. Bxd5 cxd5 35. Rac1 Ra7 36. Rc5 Qf7 37. Rc8+ Qg8 38. Rxg8+ Kxg8 39. Qe8# 1-0

[Event "Heraklion op 17th"]
[Site "Heraklion"]
[Date "2016.05.08"]
[Round "8"]
[White "Kiriakakis, Ioannis"]
[Black "Kontis, Michail"]
[Result "1-0"]
[WhiteElo "1564"]
[BlackElo "1805"]
[PlyCount "113"]
[EventDate "2016.05.02"]
[EventType "swiss"]
[EventRounds "9"]
[EventCountry "GRE"]
[SourceTitle "CBM 172 Extra"]
[Source "ChessBase"]
[SourceDate "2016.06.21"]
[SourceVersion "1"]
[SourceVersionDate "2016.06.21"]
[SourceQuality "1"]

1. e4 g6 2. d4 Bg7 3. Nf3 c5 4. dxc5 Qa5+ 5. Nbd2 Qxc5 6. Bd3 d6 7. 0-0 Nf6 8. h3 0-0 9. Nb3 Qc7 10. Be3 Nc6 11. Nfd4 a6 12. Qd2 Nxd4 13. Nxd4 d5 14. exd5 Nxd5 15. Be4 Nxe3 16. fxe3 e5 17. Nb3 Be6 18. Qb4 Rad8 19. Qxb7 Qc4 20. Bd3 Qh4 21. Qe4 Qg5 22. Qf3 f5 23. Nc5 Bd5 24. e4 Qe7 25. Qe3 f4 26. Qf2 Bf7 27. Bxa6 Qa7 28. Bd3 g5 29. a4 h5 30. b4 Qb6 31. Rab1 g4 32. hxg4 hxg4 33. g3 Qh6 34. Qh2 Qb6 35. Bb5 Qd6 36. Qe2 Bh6 37. Qxg4+ Kh7 38. Rfd1 Qb6 39. Rxd8 Rxd8 40. Rd1 Rg8 41. Qf5+ Bg6 42. Rd7+ Rg7 43. Rxg7+ Bxg7 44. Qh3+ Bh6 45. Qe6 Qxe6 46. Nxe6 fxg3 47. Bc6 Bh5 48. Kg2 Bg4 49. Bd5 Bf4 50. c4 Kg6 51. a5 Kh5 52. Ng7+ Kh4 53. Nf5+ Kg5 54. a6 Bd2 55. Kxg3 Bxb4 56. a7 Be1+ 57. Kh2 1-0

[Event "GRE-ch U14"]
[Site "Rio Achaia"]
[Date "2015.06.30"]
[Round "7.11"]
[White "Vasilakis, Gavriel"]
[Black "Kontis, Michail"]
[Result "0-1"]
[WhiteElo "1445"]
[BlackElo "1666"]
[PlyCount "58"]
[EventDate "2015.06.26"]
[EventType "swiss"]
[EventRounds "9"]
[EventCountry "GRE"]
[SourceTitle "EXT 2024"]
[Source "ChessBase"]
[SourceDate "2023.10.10"]
[SourceVersion "1"]
[SourceVersionDate "2023.10.10"]
[SourceQuality "1"]

1. e4 c5 2. Nf3 d6 3. d4 cxd4 4. Nxd4 Nf6 5. Nc3 g6 6. Be3 Bg7 7. f3 0-0 8. Qd2 Nc6 9. 0-0-0 d5 10. Qe1 e5 11. Nxc6 bxc6 12. exd5 Nxd5 13. g4 Be6 14. Nxd5 cxd5 15. Bc5 Qc7 16. Bxf8 Rxf8 17. Kb1 Rb8 18. c3 e4 19. Rc1 Qa5 20. Ka1 d4 21. c4 Qb6 22. b3 d3+ 23. Kb1 Qd4 24. Qc3 d2 25. Qxd4 dxc1Q+ 26. Kxc1 Bxd4 27. fxe4 Bxg4 28. Bg2 Rd8 29. h3 Be3+ 0-1

[Event "GRE-ch U14"]
[Site "Rio Achaia"]
[Date "2015.06.29"]
[Round "6.9"]
[White "Kontis, Michail"]
[Black "Gkikas, Ioannis"]
[Result "0-1"]
[WhiteElo "1666"]
[BlackElo "1456"]
[PlyCount "80"]
[EventDate "2015.06.26"]
[EventType "swiss"]
[EventRounds "9"]
[EventCountry "GRE"]
[SourceTitle "EXT 2024"]
[Source "ChessBase"]
[SourceDate "2023.10.10"]
[SourceVersion "1"]
[SourceVersionDate "2023.10.10"]
[SourceQuality "1"]

1. e4 c6 2. Nf3 d5 3. exd5 cxd5 4. Ne5 Nc6 5. Bb5 Bd7 6. Nxd7 Qxd7 7. d4 e6 8. c3 Nf6 9. 0-0 Bd6 10. Nd2 0-0 11. Re1 Qc7 12. h3 a6 13. Be2 b5 14. a3 Rab8 15. Nf3 h6 16. Bd3 a5 17. Qe2 b4 18. a4 bxc3 19. bxc3 Na7 20. Qc2 Nc8 21. Ne5 Nb6 22. Bb5 Rfc8 23. Nc6 Ra8 24. Ba3 Nbd7 25. Qb2 Nb8 26. Bxd6 Qxd6 27. Ne5 Nbd7 28. Rac1 Qe7 29. c4 dxc4 30. Nxc4 Ra7 31. Qd2 Qd8 32. Nd6 Rxc1 33. Rxc1 Nb6 34. Qf4 Rc7 35. Bc6 Nbd5 36. Qg3 Nb4 37. Nb7 Qc8 38. Nxa5 Nxc6 39. Qc3 Nd5 40. Qc5 Nxa5 0-1

[Event "GRE-ch U14"]
[Site "Rio Achaia"]
[Date "2015.06.28"]
[Round "4.5"]
[White "Vlachos, Anatole"]
[Black "Kontis, Michail"]
[Result "1-0"]
[WhiteElo "2001"]
[BlackElo "1666"]
[PlyCount "57"]
[EventDate "2015.06.26"]
[EventType "swiss"]
[EventRounds "9"]
[EventCountry "GRE"]
[SourceTitle "EXT 2024"]
[Source "ChessBase"]
[SourceDate "2023.10.10"]
[SourceVersion "1"]
[SourceVersionDate "2023.10.10"]
[SourceQuality "1"]

1. e4 g6 2. d4 Bg7 3. Nc3 c5 4. dxc5 Bxc3+ 5. bxc3 Nf6 6. Qd4 Nc6 7. Qa4 Qc7 8. f4 Nd8 9. Qc4 Qc6 10. Bd3 Ne6 11. Be3 0-0 12. Ne2 Ng4 13. Bd4 Nxd4 14. cxd4 Ne3 15. Qc3 d6 16. cxd6 Nxg2+ 17. Kf2 Nxf4 18. Qxc6 Nxd3+ 19. cxd3 bxc6 20. dxe7 Re8 21. Rhc1 Bb7 22. d5 cxd5 23. Rc7 Rab8 24. Rb1 Ba8 25. Rxb8 Rxb8 26. Rd7 Re8 27. Rd8 Bc6 28. exd5 Ba4 29. Nc3 1-0

[Event "GRE-ch U14"]
[Site "Greece"]
[Date "2014.07.10"]
[Round "9"]
[White "Trimitzios, Petros"]
[Black "Kontis, Michail"]
[Result "0-1"]
[WhiteElo "1799"]
[BlackElo "1591"]
[PlyCount "140"]
[EventDate "2014.07.04"]
[EventType "swiss"]
[EventRounds "9"]
[EventCountry "GRE"]
[SourceTitle "EXT 2017"]
[Source "ChessBase"]
[SourceDate "2016.10.25"]
[SourceVersion "1"]
[SourceVersionDate "2016.10.25"]
[SourceQuality "1"]

1. d4 Nf6 2. c4 e6 3. g3 d5 4. Bg2 c6 5. Nf3 Nbd7 6. 0-0 Be7 7. Nc3 0-0 8. b3 Re8 9. Bf4 b6 10. Qc2 Ba6 11. Nd2 Rc8 12. Rfd1 c5 13. dxc5 Bxc5 14. Qb2 Ng4 15. Nde4 dxe4 16. Nxe4 Qe7 17. h3 e5 18. Nxc5 Nxc5 19. Bd2 Nf6 20. Bc3 Nce4 21. Be1 Bb7 22. f3 Nc5 23. e4 Rcd8 24. Bc3 Nd3 25. Qe2 Qc5+ 26. Kh2 Nb4 27. Rd2 Rxd2 28. Qxd2 Nc6 29. Rd1 h6 30. Qb2 Qe7 31. b4 Qe6 32. Bf1 Nh5 33. b5 Ne7 34. Bxe5 Nf5 35. exf5 Qxe5 36. Qxe5 Rxe5 37. Rd7 Bxf3 38. Rxa7 Re1 39. Kg1 Nxg3 40. Kf2 Rxf1+ 41. Kxg3 Be2 42. c5 Rxf5 43. cxb6 Rxb5 44. b7 Kh7 45. a4 Rb4 46. a5 Bc4 47. Kf2 Rb3 48. Ke1 f5 49. Kf2 Kg6 50. a6 Bd5 51. Ra8 Bxb7 52. axb7 Rxb7 53. Ra3 Rb6 54. Kg3 Kf6 55. Kh4 Rb4+ 56. Kg3 Kg5 57. Kf3 Kh4 58. Ra5 Rb3+ 59. Kg2 f4 60. Rf5 g5 61. Rf6 h5 62. Rh6 Rxh3 63. Rf6 f3+ 64. Kg1 Kg3 65. Rf5 f2+ 66. Rxf2 Rh1+ 67. Kxh1 Kxf2 68. Kh2 g4 69. Kh1 h4 70. Kh2 g3+ 0-1

[Event "GRE-chT 42nd"]
[Site "Porto Rio"]
[Date "2014.06.30"]
[Round "4.9"]
[White "Kontis, Michail"]
[Black "Papadopoulos, Zisis"]
[Result "0-1"]
[WhiteElo "1582"]
[BlackElo "1587"]
[PlyCount "108"]
[EventDate "2014.06.28"]
[EventType "team-swiss"]
[EventRounds "7"]
[EventCountry "GRE"]
[SourceTitle "CBM 161 Extra"]
[Source "ChessBase"]
[SourceDate "2014.08.29"]
[SourceVersion "1"]
[SourceVersionDate "2014.08.29"]
[SourceQuality "1"]
[WhiteTeam "Ikarias Tzelepis"]
[BlackTeam "Florinas OP"]
[WhiteTeamCountry "GRE"]
[BlackTeamCountry "GRE"]

1. e4 c5 2. Nf3 d6 3. d4 cxd4 4. Nxd4 Nf6 5. Nc3 a6 6. h3 e5 7. Nde2 Be6 8. g4 h6 9. Bg2 Nbd7 10. 0-0 b5 11. Be3 Rc8 12. f4 Qc7 13. Rc1 Nb6 14. b3 Be7 15. Qd2 Qb7 16. Ng3 exf4 17. Bxf4 d5 18. e5 Nfd7 19. Nf5 Bxf5 20. gxf5 Bb4 21. Bxd5 Nxd5 22. Qxd5 Qb6+ 23. Kh2 Bxc3 24. Rf3 Qc6 25. Qd3 0-0 26. Qe3 Bxe5 27. Rg3 Rfe8 28. Rcg1 Bxf4 29. Qxf4 Re2+ 30. R1g2 Rxg2+ 31. Rxg2 Qc7 32. Kg3 Nf6 33. Qxc7 Rxc7 34. Kf4 Kf8 35. Ke5 Rc5+ 36. Kd6 Rxf5 37. Kc6 Re5 38. Rd2 g5 39. Rd8+ Kg7 40. Ra8 Re6+ 41. Kb7 Nd7 42. Kc7 Nc5 43. b4 Na4 44. Kb7 Re2 45. Kxa6 Nc3 46. Rc8 Rxc2 47. a4 bxa4 48. b5 a3 49. b6 a2 50. b7 a1Q+ 51. Kb6 Rb2+ 52. Kc6 Qa6+ 53. Kd7 Rxb7+ 54. Kd8 Qd6+ 0-1